000 00991nam a2200265Ia 4500
003 OSt
005 20220923211134.0
006 a|||||r|||| 00| 0
007 ta
008 220922b |||||||| |||| 00| 0 san d
020 _a8185535108 (hbk)
024 _a248,412
037 _cTextual
040 _aARTS
_cARTS
_bsan
041 _2san
_asan
082 _aO152,1J32,11:g(MV4), N2
100 _aशर्मा, विष्णुदत्त
_9156365
245 0 _aरामचरितमानस
_b मूल्यांकन एवं युद्धपद्धति
246 _aRāmacharitamānasa: mūlyāankan evan yuddhapaddhati
260 _aदिल्ली
_b तिवारी पब्लिकेशन्स
_c1992
300 _a192पृ0
_ccm.
650 _aहिन्दी साहित्य
_9156264
942 _hO152,1J32,11:g(MV4), N2
_cTEXL
_2CC
999 _c295816
_d295816